Pragmatics: an introduction

Salvato in:
Dettagli Bibliografici
Autore principale: Mey, Jacob L. (autor)
Natura: Libro
Lingua:inglese
Pubblicazione: Oxford Blackwell 1993
Soggetti:
Tags: Aggiungi Tag
Nessun Tag, puoi essere il primo ad aggiungerne!!

MARC

LEADER 00000nam a2200000 a 4500
001 UCO9800
003 CL-VaPUC
008 010309e19930000UK |||||||||||||||||eng|d
082 0 4 |a 306.44  |b MEY  |2 21 
100 |a Mey, Jacob L.  |e autor  |9 454929 
245 1 0 |a Pragmatics: an introduction 
300 |a 357 p 
942 |c BK 
945 |d 20010309 00:00:00  |a cmena 
260 |a Oxford  |b Blackwell  |c 1993 
650 0 |a Pragmática   |9 416307 
650 0 |a Sociolingüística  |9 263716 
650 0 |a Semiótica  |9 265317 
650 0 |a Semántica  |9 265318 
650 7 |a MICROPRAGMATICA  |2 CL-VaPUC  |9 454930 
650 7 |a MACROPRAGMATICA  |2 CL-VaPUC  |9 454931 
583 |a last modification  |c 20010309 00:00:00  |k Rodrigo Vera 
999 |c 293823  |d 293821 
952 |0 0  |1 0  |4 0  |6 306_440000000000000_MEY_1993  |7 0  |8 A  |9 345556  |a FDOPOS  |b FDOPOS  |d 2019-11-20  |i 3688135  |o 306.44 MEY 1993  |p 3688135  |r 2025-01-22  |w 2019-11-20  |y BK  |k MLA